[Event "Oberbayern Bezirksliga 1617"]
[Site "Germany"]
[Date "2016.12.04"]
[Round "3.7"]
[White "Griessbach, Klaus"]
[Black "Reith, Hubert"]
[Result "0-1"]
[WhiteElo "1892"]
[BlackElo "1880"]
[PlyCount "80"]
[EventDate "2016.10.16"]
[EventType "team-tourn"]
[EventRounds "9"]
[EventCountry "GER"]
[SourceTitle "EXT 2019"]
[Source "ChessBase"]
[SourceDate "2018.10.10"]
[SourceVersion "1"]
[SourceVersionDate "2018.10.10"]
[SourceQuality "1"]
[WhiteTeam "Wolfratshausen"]
[BlackTeam "Moosburg SC"]
[WhiteTeamCountry "GER"]
[BlackTeamCountry "GER"]

1. d4 Nf6 2. Nf3 c5 3. dxc5 Na6 4. c3 Nxc5 5. Be3 e6 6. Nbd2 d5 7. Bd4 Bd6 8. e3 0-0 9. Be2 Re8 10. Ne5 Qc7 11. f4 Rb8 12. 0-0 b5 13. g4 Nfe4 14. Nxe4 Nxe4 15. a4 f6 16. Bxb5 fxe5 17. fxe5 Bxe5 18. Bxe5 Qxe5 19. Qf3 Ng5 20. Qe2 Re7 21. Rad1 Bd7 22. Rd4 Bxb5 23. axb5 Rf8 24. Rxf8+ Kxf8 25. Rf4+ Rf7 26. Rxf7+ Kxf7 27. Kg2 Qe4+ 28. Kg3 g6 29. Qf2+ Ke7 30. h4 Qe5+ 31. Qf4 Ne4+ 32. Kf3 Qxf4+ 33. Kxf4 Nd6 34. Kg5 Kf7 35. Kh6 Kg8 36. Kg5 Kg7 37. Kf4 Kf6 38. e4 dxe4 39. b6 axb6 40. b3 b5 0-1

[Event "Oberbayern Bezirksliga 1617"]
[Site "Germany"]
[Date "2016.10.16"]
[Round "1.6"]
[White "Wehr, Stephan"]
[Black "Griessbach, Klaus"]
[Result "1/2-1/2"]
[WhiteElo "1979"]
[BlackElo "1892"]
[PlyCount "84"]
[EventDate "2016.10.16"]
[EventType "team-tourn"]
[EventRounds "9"]
[EventCountry "GER"]
[SourceTitle "EXT 2019"]
[Source "ChessBase"]
[SourceDate "2018.10.10"]
[SourceVersion "1"]
[SourceVersionDate "2018.10.10"]
[SourceQuality "1"]
[WhiteTeam "Starnberg"]
[BlackTeam "Wolfratshausen"]
[WhiteTeamCountry "GER"]
[BlackTeamCountry "GER"]

1. Nf3 d5 2. g3 Nf6 3. Bg2 c6 4. 0-0 Bf5 5. d3 e6 6. Nbd2 Nbd7 7. Qe1 Bc5 8. e4 dxe4 9. dxe4 Bg6 10. Nh4 Qc7 11. a3 a5 12. Nb3 Bb6 13. a4 Bh5 14. Bf4 e5 15. Bd2 Bg4 16. Kh1 Be6 17. Bc3 Bc4 18. Qd2 Bxf1 19. Rxf1 g6 20. f4 Ng4 21. Bh3 h5 22. fxe5 Ndxe5 23. Bxg4 hxg4 24. Qf4 Rh5 25. Bxe5 Rxe5 26. Qxg4 Re6 27. c3 Rd8 28. Nf3 Qd7 29. Ng5 Re7 30. Qh4 Qd3 31. Re1 Bf2 32. Rc1 Qe2 33. Qh8+ Kd7 34. Qf6 Be3 35. Nxf7 Rxf7 36. Qxf7+ Kc8 37. Rf1 Rd1 38. Rxd1 Qxd1+ 39. Kg2 Qe2+ 40. Kh3 Qh5+ 41. Kg2 Qe2+ 42. Kh3 Qh5+ 1/2-1/2